Statistics for BoJack Horseman Episodes with Hints

Click here to take the quiz!

General Stats

  • This quiz has been taken 26 times
  • The average score is 39 of 76

Answer Stats

GroupEpisode NumberEpisode Name% Correct
Series 1E1BoJack Horseman: The BoJack Horseman Story, {Chapter} One
93%
Series 1E10One {Trick} Pony
93%
Series 1E2BoJack Hates the {Troops}
93%
Series 1E4Zoës and {Zeldas}
93%
Series 3E11That's Too Much, {Man}!
86%
Series 3E4{Fish} Out of Water
86%
Series 3E2The BoJack Horseman {Show}
86%
Series 4E3Hooray! {Todd} Episode!
86%
Series 1E9{Horse} Majeure
79%
Series 2E11{Escape} From L.A.
79%
Series 1E3Prickly-{Muffin}
79%
Series 1E6Our A-{Story} is a 'D' Story
79%
Series 3E9Best Thing That Ever {Happened}
79%
Series 1E11Downer {Ending}
79%
Series 6E15The View from {Halfway} {Down}
79%
Series 4E12What {Time} Is It Right Now
71%
Series 4E5{Thoughts} and Prayers
71%
Series 3E7{Stop} the Presses
71%
Series 4E10lovin that cali {lifestyle}!!
71%
Series 5E5The {Amelia} Earhart Story
71%
Series 6E13The {Horny} Unicorn
64%
Series 4E6{Stupid} Piece of S**t
64%
Series 1E7{Say} Anything
64%
Series 4E2The Old {Sugarman} Place
64%
Series 6E1A Horse Walks into a {Rehab}
64%
Series 3E12That Went {Well}
64%
Series 6E12{Xerox} {of} {a} Xerox
64%
Series 5E2The {Dog} Days Are Over
57%
Series 1E5Live {Fast}, Diane Nguyen
57%
Series 4E11Time's {Arrow}
57%
Series 6E8A {Quick} One, While He's Away
57%
Series 5E6Free {Churro}
57%
Series 5E10Head in the {Clouds}
57%
Series 6E16{Nice} While It Lasted
57%
Series 2E8Let's {Find} Out
57%
Series 2E10Yes {And}
57%
Series 3E6Brrap Brrap {Pew Pew}
57%
Series 3E3BoJack {Kills}
50%
Series 2E12Out to {Sea}
50%
Series 5E9Ancient {History}
50%
Series 3E1Start {Spreading} The News
43%
Series 1E8The {Telescope}
43%
Series 3E8{Old} Acquaintance
43%
Series 4E1See {Mr.} {Peanutbutter} Run
43%
Series 2E1Brand New {Couch}
43%
Series 6E7The Face of {Depression}
43%
Series 2E2{Yesterday}land
43%
Series 2E7{Hank} After Dark
43%
Series 6E10Good {Damage}
36%
Series 6E11{Sunk} Cost and All That
36%
Series 6E9{Intermediate} Scene Study w/ BoJack Horseman
36%
Series 5E12The {Stopped} Show
36%
Series 5E11The {Showstopper}
36%
Series 2E4After the {Party}
36%
Series 3E10It's {You}
36%
Series 5E3{Planned} Obsolescence
36%
Series 4E4Commence {Fracking}
36%
Series 3E5Love And/Or {Marriage}
36%
Series 2E3{Still} Broken
36%
Series 5E7INT. {SUB}
29%
Series 2E6{Higher} Love
29%
Series 5E4BoJack the {Feminist}
29%
Series 5E1The {Light} {Bulb} Scene
29%
Series 1E12{Later}
29%
Series 6E14{Angela}
21%
Series 5E8Mr. Peanutbutter's {Boos}
21%
Series 6E6The {Kidney} Stays in the Picture
21%
Series 6E5A Little {Uneven}, Is All
21%
Series 6E3{Feel}-{Good} Story
21%
Series 6E2The New {Client}
21%
Series 2E5{Chickens}
21%
Series 2E9The {Shot}
14%
Series 4E9{Ruthie}
14%
Series 6E4{Surprise}!
7%
Series 4E8The {Judge}
7%
Series 4E7{Underground}
7%

Score Distribution

Percentile by Number Answered

Percent of People with Each Score

Your Score History

You have not taken this quiz